Największe miasta w Polsce na literę C - Statystyki

Ogólne statystyki
  • Ten quiz został rozwiązany 330 razy
  • Średni wynik to 6 z 15
Statystyki odpowiedzi
Populacja Miasto % Poprawnych
220,000 Częstochowa
93%
107,000 Chorzów
67%
44,000 Ciechanów
67%
61,000 Chełm
64%
34,000 Cieszyn
62%
39,000 Chojnice
54%
35,000 Czechowice-Dziedzice
37%
19,000 Chełmno
35%
36,000 Chrzanów
35%
31,000 Czeladź
32%
13,000 Człuchów
28%
14,000 Chełmża
18%
18,000 Chodzież
18%
15,000 Choszczno
17%
28,000 Czerwionka-Leszczyny
14%
Nie znaleziono quizów pasujących do podanych kryteriów
Rozkład punktacji
Procent ludzi z każdym wynikiem
Percentyl według liczby udzielonych odpowiedzi
Twoja historia wyników
Nie rozwiązałeś tego quizu